000 02510 a2200445 4500
001 22352770
003 0000
005 20260407110100.0
008 211215t20222022nju b 001 0 eng c
010 _a 2021059914
020 _a9781119502821
020 _z9781119502968
020 _z9781119502975
035 _a22352770
040 _aMdU/DLC
_beng
_erda
_cMdU
_dDLC
042 _apcc
050 0 0 _aG70.4
_b.M38 2022
082 0 0 _a621.36/78028566
_223/eng20220225
100 1 _aMather, Paul M.,
_eauthor.
245 1 0 _aComputer processing of remotely-sensed images /
_cPaul M. Mather, Magaly Koch.
250 _aFifth edition.
263 _a2204
264 1 _aHoboken, NJ :
_bWiley-Blackwell,
_c2022.
264 4 _c2022.
_aHoboken, NJ :
_bWiley-Blackwell,
300 _axxii, 352p.
_bill.:
336 _atext
_btxt
_2rdacontent
337 _aunmediated
_bn
_2rdamedia
338 _avolume
_bnc
_2rdacarrier
500 _aIncludes bibliographical references and index.
504 _aIncludes bibliographical references and index.
520 _a"This book is concerned with methods of input, computer processing and output of digital EO data. It is technique-oriented, so that questions such as 'how do I do that?' take precedence over subject-matter oriented ('what does that result mean?'). Naturally, it is impossible to answer the technique-oriented questions without some considerable appreciation of the meaning of the data that is being processed, and vice-versa. The authors therefore assume that a course based on this book is augmented by further courses that deal with applications. These courses can run simultaneously or sequentially. Bringing in real data describing substantial examples is important when teaching practical methodology so that the student experiences the difficulties of experimental design and comprehension of program documentation as well as the morale-reducing moments when it is realised that the technique has not provided the required answers"--
_cProvided by publisher.
650 0 _aRemote-sensing images
_xData processing.
650 0 _aImage processing
_xDigital techniques.
700 1 _aKoch, Magaly,
_eauthor.
710 2 _aJohn Wiley & Sons,
_epublisher.
776 0 8 _iOnline version:
_aMather, Paul M.
_tComputer processing of remotely-sensed images
_bFifth edition.
_dHoboken, NJ : Wiley-Blackwell, 2022
_z9781119502968
_w(DLC) 2021059915
906 _a7
_brip
_corignew
_d1
_eecip
_f20
_gy-gencatlg
942 _2lcc
_cBK
999 _c44264
_d44264